000 00531nam a2200157 a 4500
001 000033024
005 20200930065958.0
008 110808s1937 dr 000 0 spa d
040 _aDO-SdBNP
_bspa
_cBNPHU
100 1 _aGonzález Herrera, Julio
_923847
245 1 0 _aVersos del carnaval /
_cJulio González Herrera.
260 _aSanto Domingo :
_b[s.n.],
_c1937.
300 _a29 p. ;
_c22 cm.
500 _aHomenaje sl Hon. Presidente de la República, a la primera Dama i a S. M. Lina reina del carnaval de 1937
049 _aBNPD
999 _c32515
_d32515